|
|
|
|
| LEADER |
00000nam a2200000Ia 4500 |
| 008 |
150811b2015 cr ||||| |||| 00| | spa d |
| 090 |
|
|
|a 14.02.02
|b 1952
|
| 100 |
1 |
|
|a Cárdenas Leitón, Helvetia
|9 766
|
| 245 |
1 |
0 |
|a Tendencias y desafíos de la educación infantil en niños y niñas menores de tres años en Costa Rica /
|c Helvetia Cárdenas Leitón
|
| 260 |
|
|
|a San José, Costa Rica :
|b INIE,
|c 2015
|
| 300 |
|
|
|a 1 volumen (sin numerar)
|
| 500 |
|
|
|a Informe final Proyecto de Investigación Nº724-A-8-063
|
| 500 |
|
|
|a La Unidad posee Segundo informe parcial 2010
|
| 650 |
1 |
4 |
|a PRIMERA INFANCIA
|9 757
|
| 650 |
1 |
4 |
|a NIÑAS
|9 60
|
| 650 |
1 |
4 |
|a NIÑOS
|9 59
|
| 650 |
1 |
4 |
|a EDUCACIÓN
|9 1
|
| 650 |
1 |
4 |
|a DESARROLLO DEL NIÑO
|9 723
|
| 942 |
|
|
|i 002238 ,004017
|h 14.02.02 1952
|2 z
|c 04
|
| 999 |
|
|
|c 2119
|d 2119
|